| 000 | 00960cab a22002055a 4500 | ||
|---|---|---|---|
| 001 | L142414 | ||
| 008 | 080213s2007 xxkd f s 000 0 eng d | ||
| 035 | _a(Sirsi) u142414 | ||
| 041 | _aeng | ||
| 110 | 2 |
_aHome Builders Federation _94896 |
|
| 245 |
_aHBF regional survey of house builders _bDecember 2007 |
||
| 260 | _c2008 | ||
| 490 |
_aHousing Market Report _v(187) January 2008, 7-12(6) |
||
| 520 | _aFinds that in December 2007, house builders reported continued reductions in both site visitors and net reservations, with a sharper seasonal downturn than usual. Net reductions in new home prices were also reported, with an increased use of sales incentives. On balance the industry is expecting a decline in house prices over the coming twelve months. | ||
| 590 | _aKA | ||
| 650 | 2 | 4 | _aHBF REGIONAL SURVEY OF HOUSE BUILDERS |
| 651 | 4 |
_aEngland and Wales _y1543- |
|
| 690 | _aPROPERTY-RESIDENTIAL PROPERTY-RESIDENTIAL PROPERTY MARKET | ||
| 942 | _n0 | ||
| 999 |
_c79798 _d79798 |
||